Riconosci il Pokémon - Quiz n°194 - Statistics

Statistiche generali
  • Questo quiz è stato fatto 2 volte
  • Il punteggio medio è 7 su 10
Statistiche sulle risposte
Indizio Risposta % Corretto
Abilità Aiutinsetto; Indagine; Telepatia
100%
Generazione Ottava
100%
Stadio evoluzione Seconda evoluzione
100%
Altezza 0,4 m; >14,0 m (Gigamax)
50%
Peso 40,8 kg, ???,? (Gigamax)
50%
Tasso di cattura 45 (11.9%)
50%
Sesso 50% ♂, 50% ♀
50%
Tipo Coleottero / Psico
50%
Tasso di allevamento Medio-Veloce
50%
Pokémon Orbeetle
50%
Nessun quiz corrispondente trovato
Distribuzione punteggi
Percentuale di utenti per punteggio
Percentile per numero di risposta
I tuoi punteggi nel tempo
Non hai fatto questo quiz